| 000 -LEADER |
| fixed length control field |
01723cam a2200385 a 4500 |
| 001 - CONTROL NUMBER |
| control field |
14934403 |
| 003 - CONTROL NUMBER IDENTIFIER |
| control field |
NUST |
| 005 - DATE AND TIME OF LATEST TRANSACTION |
| control field |
20191105103052.0 |
| 008 - FIXED-LENGTH DATA ELEMENTS--GENERAL INFORMATION |
| fixed length control field |
070719s2007 vauab b 001 0 eng |
| 010 ## - LIBRARY OF CONGRESS CONTROL NUMBER |
| LC control number |
2007030020 |
| 020 ## - INTERNATIONAL STANDARD BOOK NUMBER |
| International Standard Book Number |
9780784408964 |
| 020 ## - INTERNATIONAL STANDARD BOOK NUMBER |
| International Standard Book Number |
0784408963 |
| 035 ## - SYSTEM CONTROL NUMBER |
| System control number |
(OCoLC)ocn156902373 |
| 035 ## - SYSTEM CONTROL NUMBER |
| System control number |
(OCoLC)156902373 |
| 038 ## - RECORD CONTENT LICENSOR |
| Staff Name |
MSOHAIL |
| 040 ## - CATALOGING SOURCE |
| Original cataloging agency |
DLC |
| Transcribing agency |
DLC |
| Modifying agency |
YDXCP |
| -- |
BAKER |
| -- |
C#P |
| -- |
BTCTA |
| -- |
IXA |
| -- |
DLC |
| 050 00 - LIBRARY OF CONGRESS CALL NUMBER |
| Classification number |
TD370 |
| Item number |
.E54 2007 |
| 082 00 - DEWEY DECIMAL CLASSIFICATION NUMBER |
| Classification number |
628.1683 |
| Edition number |
22 |
| 245 00 - TITLE STATEMENT |
| Title |
Energy production and reservoir water quality : |
| Remainder of title |
a guide to the regulatory, technical, and theoretical basis for required studies / |
| Statement of responsibility, etc. |
sponsored by Environmental Effects Committee of the Energy Engineering Division of the American Society of Civil Engineers ; edited by James Martin ... [et al.]. |
| 260 ## - PUBLICATION, DISTRIBUTION, ETC. |
| Place of publication, distribution, etc. |
Reston, Va. : |
| Name of publisher, distributor, etc. |
American Society of Civil Engineers, |
| Date of publication, distribution, etc. |
c2007. |
| 300 ## - PHYSICAL DESCRIPTION |
| Extent |
1 v. (various pagings) : |
| Other physical details |
ill., maps ; |
| Dimensions |
22 cm. |
| 504 ## - BIBLIOGRAPHY, ETC. NOTE |
| Bibliography, etc. note |
Includes bibliographical references and index. |
| 650 #0 - SUBJECT ADDED ENTRY--TOPICAL TERM |
| Topical term or geographic name entry element |
Water quality. |
| 9 (RLIN) |
2657 |
| 650 #0 - SUBJECT ADDED ENTRY--TOPICAL TERM |
| Topical term or geographic name entry element |
Reservoir ecology. |
| 9 (RLIN) |
25147 |
| 650 #0 - SUBJECT ADDED ENTRY--TOPICAL TERM |
| Topical term or geographic name entry element |
Limnology. |
| 9 (RLIN) |
25148 |
| 650 #0 - SUBJECT ADDED ENTRY--TOPICAL TERM |
| Topical term or geographic name entry element |
Water quality management. |
| 9 (RLIN) |
4954 |
| 650 #0 - SUBJECT ADDED ENTRY--TOPICAL TERM |
| Topical term or geographic name entry element |
Hydroelectric power plants |
| General subdivision |
Environmental aspects. |
| 9 (RLIN) |
25149 |
| 650 #0 - SUBJECT ADDED ENTRY--TOPICAL TERM |
| Topical term or geographic name entry element |
Coal-fired power plants |
| General subdivision |
Environmental aspects. |
| 9 (RLIN) |
25150 |
| 700 1# - ADDED ENTRY--PERSONAL NAME |
| Personal name |
Martin, James Lenial, |
| Dates associated with a name |
1947- |
| 9 (RLIN) |
25151 |
| 710 2# - ADDED ENTRY--CORPORATE NAME |
| Corporate name or jurisdiction name as entry element |
American Society of Civil Engineers. |
| Subordinate unit |
Environmental Effects Committee. |
| 9 (RLIN) |
25152 |
| 856 41 - ELECTRONIC LOCATION AND ACCESS |
| Materials specified |
Table of contents |
| Uniform Resource Identifier |
<a href="http://www.loc.gov/catdir/toc/fy0803/2007030020.html">http://www.loc.gov/catdir/toc/fy0803/2007030020.html</a> |
| 906 ## - LOCAL DATA ELEMENT F, LDF (RLIN) |
| a |
7 |
| b |
cbc |
| c |
orignew |
| d |
1 |
| e |
ecip |
| f |
20 |
| g |
y-gencatlg |
| 942 ## - ADDED ENTRY ELEMENTS (KOHA) |
| Source of classification or shelving scheme |
|
| Koha item type |
Book |